Detalles MARC
| 000 -LIDER |
| fixed length control field |
01387nam a22003497a 4500 |
| 001 - NÚMERO DE CONTROL |
| Identificador de número de control |
000476 |
| 003 - IDENTIFICACDOR DE NÚMERO DE CONTROL |
| control field |
DO-SdBNP |
| 005 - DATE AND TIME OF LATEST TRANSACTION |
| control field |
20160920134108.0 |
| 007 - CAMPOS FIJOS DE DESCRIPCIÓN FÍSICA |
| fixed length control field |
000476 |
| 008 - ELEMENTOS DE LONGITUD FIJA |
| fixed length control field |
160906b 2007 mx ||||| |||| 00| 0 spa d |
| 020 ## - ISBN |
| International Standard Book Number |
9707702885 |
| 040 ## - FUENTE DE CATALOGACIÓN |
| Agencia que crea de manera original el registro |
BPMSU |
| Idioma de catalogación |
spa |
| Agencia que realiza la transcripción |
BPMSU |
| 082 ## - NÚMERO DE CLASIFICACIÓN DECIMAL DE DEWEY |
| Classification number |
332.024 |
| Item number |
K626h |
| 100 1# - ASIENTO PRINCIPAL -- NOMBRE PERSONAL |
| Nombre personal |
Kiyosaki, Robert T. |
| Fechas asociadas con el nombre |
1947- |
| 240 10 - TITULO UNIFORME |
| Título uniforme |
Rich dud's success stories. |
| Idioma de una obra |
Español. |
| 245 10 - MENCIÓN DE TITULO |
| Título |
Historias de éxito : |
| Subtítulo |
experiencias verdaderas de personas que siguieron las lecciones del Padre Rico / |
| Mención de responsabilidad |
Robert T. Kiyosaki ; con Sharon L. Lechter ; traducción, María Andrea Giovine. |
| 260 ## - PUBLICACIÓN, DISTRIBUCIÓN, ETC. (PIE DE IMPRENTA) |
| Lugar de publicación, distribución, etc |
México, D. F. : |
| Nombre del editor, distribuidor, etc. |
Aguilar, |
| Fecha de publicación, distribución, etc |
2005 |
| 300 ## - DESCRIPCIÓN FÍSICA |
| Extensión |
328 p. ; |
| Dimensiones |
23 cm. |
| 490 1# - MENCIÓN DE SERIES |
| Mención de serie |
Padre Rico |
| 500 ## - NOTA GENERAL |
| Nota general |
Tercera reimpresión: abril de 2007 |
| 500 ## - NOTA GENERAL |
| Nota general |
Incluye datos de los autores. |
| 505 ## - NOTA DE CONTENIDO |
| Título |
Cómo practicas el juego -- |
| -- |
Dónde has estado, a dónde puedes ir -- |
| -- |
Un enfoque diferente -- |
| -- |
Nunca se es demasiado joven para alcanzar el éxito financiero -- |
| -- |
Una nueva forma de hacer negocios -- |
| -- |
Sucesos que cambian la vida. |
| 650 #4 - ENCABEZAMIENTO DE MATERIA--TEMÁTICO |
| Término temático o nombre geográfico como elemento de entrada |
FINANZAS PERSONALES |
| 650 #4 - ENCABEZAMIENTO DE MATERIA--TEMÁTICO |
| Término temático o nombre geográfico como elemento de entrada |
ÉXITO EN LOS NEGOCIOS |
| 650 #4 - ENCABEZAMIENTO DE MATERIA--TEMÁTICO |
| Término temático o nombre geográfico como elemento de entrada |
INVERSIONES |
| 700 12 - ASIENTO SECUNDARIO -- NOMBRE PERSONAL |
| Nombre personal |
Lechter, Sharon L. |
| 700 12 - ASIENTO SECUNDARIO -- NOMBRE PERSONAL |
| Nombre personal |
Giovine, María Andrea, |
| Mención de responsabilidad |
tr. |
| 830 #0 - ASIENTO SECUNDARIO DE SERIE--TÍTULO UNIFORME |
| Título uniforme |
Padre Rico |
| 910 ## - VALIDACIÓN |
| Validación |
Validado. Control de calidad MFF |
| 942 ## - ADDED ENTRY ELEMENTS (KOHA) |
| Source of classification or shelving scheme |
Dewey Decimal Classification |
| Koha item type |
Libros |
| 956 ## - LOCAL ELECTRONIC LOCATION AND ACCESS (OCLC) |
| Método de acceso |
LOPEREZ |
| Materiales especificados |
10 |
| Enlace |
20160906 |
| Campo enlazado y núm. de secuencia |
BPMSU |
| Nombre de host |
00041 |